MARC

LEADER 00000nam0a2200000 4500
001 270098
005 20231101234322.0
035 |a (RuTPU)RU\TPU\book\293278 
090 |a 270098 
100 |a 20140924d1986 k y0rusy50 ca 
101 0 |a rus 
102 |a RU 
105 |a y z 001zy 
200 1 |a Методические рекомендации к технике обработки осадочных пород при спорово-пыльцевом анализе  |f Всероссийский научно-исследовательский геологический институт им. А. П. Карпинского (ВСЕГЕИ) ; сост. И. В. Петрова 
210 |a Ленинград  |d 1986 
215 |a 77 с. 
320 |a Библиогр.: с. 71-75 
606 1 |a Спорово-пыльцевой анализ  |2 stltpush  |3 (RuTPU)RU\TPU\subj\55994  |9 73944 
610 1 |a палеоботаника 
610 1 |a осадочные породы 
610 1 |a химическая обработка 
610 1 |a пробы 
610 1 |a палинологические исследования 
610 1 |a споры 
610 1 |a пыльца 
610 1 |a гумусовые бурые угли 
610 1 |a метаморфизированные месторождения 
610 1 |a горючие сланцы 
675 |a 561  |v 4 
702 1 |a Петрова  |b И. В.  |4 220 
712 0 2 |a Всероссийский научно-исследовательский геологический институт им. А. П. Карпинского (ВСЕГЕИ)  |c (Санкт-Петербург)  |c (1991- )  |2 stltpush  |3 (RuTPU)RU\TPU\col\414 
801 1 |a RU  |b 63413507  |c 20140924 
801 2 |a RU  |b 63413507  |c 20170303  |g RCR 
942 |c BK